000 01233nam a22003497a 4500
003 CHAP
005 20220329140250.0
008 971013s1985 r 00010 d
010 _a49444
011 _a50416
035 _a54566
040 _cCHAP
090 _aFolleto 11085
100 0 0 _aVilla Castillo, Jaime.
_9119348
245 _aEnemigos naturales y orgnaismos asociados al descortezador de pinos Dendroctonus adjuntus Blandford en el nevado de Colima
260 _aMéxico, D.F. :
_bInstituto Nacional de Investigaciones Forestales,
_c1985
300 _a22 p.
_b; gráfs.
490 _aBoletín técnico
_v; 121
590 _aBATCH-UPD
_b10
_c20130110
_lUCH01
_h0505
590 _aBATCH-UPD
_b10
_c20130410
_lUCH01
_h0143
590 _aBATCH-UPD
_b10
_c20130914
_lUCH01
_h0654
590 _aCONVERSION
_b10
_c20130109
_lUCH01
_h1327
650 1 4 _aControl de plagas.
_927595
650 1 4 _aDendroctonus adjunctus.
_931771
650 1 4 _aPináceas
_xColima.
_988223
650 1 4 _aPináceas
_xPlagas.
_988257
830 0 _aBoletín técnico
_v; 121
_913560
901 _aBK
942 _cFOLL
949 _aFolleto 11085
_bBC
_cFOLL
_d-120297
_eTS1
_i54566
_mD
_si
949 _aFolleto 11085
_bBC
_cFOLL
_d-120298
_eTS2
_fc.2
_i54566
_mD
_si
999 _c49444
_d49444